El pasado nos condena = Monster's Ball /
Encuentro entre Hank y Leticia, él es viudo, vive con su padre racista y trabaja como guardia de una prisión junto con su hijo y llevan una relación pésima; ella es un mujer de color que ha perdido a su hijo en un accidente y a su esposo, al ser condenado a la pena capital por asesinato. En sus mund...
Saved in:
| Main Author: | |
|---|---|
| Other Authors: | , , |
| Format: | |
| Language: | English |
| Subjects: | |
| Tags: |
No Tags, Be the first to tag this record!
|
MARC
| LEADER | 00000ngm^a2200000^a^4500 | ||
|---|---|---|---|
| 001 | 000300163 | ||
| 005 | 20250521000000.0 | ||
| 009 | 20260310112501.076 | ||
| 037 | |a Acervo ITESO - Biblioteca | ||
| 041 | |a ING | ||
| 082 | |a 810. |b FOR | ||
| 100 | |a Forster, Marc |e (realización) | ||
| 245 | 1 | 3 | |a El pasado nos condena = |b Monster's Ball / |c M. Forster. |
| 264 | 2 | |a México : |b Distrimax [distribución], |c 2005, c2005 | |
| 300 | |a 1 DVD regiones 1 y 4 |c (113 min.) | ||
| 336 | |a imagen móvil bidimensional |b tdi |2 rdacontenido | ||
| 337 | |a video |b v |2 rdamedio | ||
| 338 | |a videodisco |b vd |2 rdasoporte | ||
| 520 | |a Encuentro entre Hank y Leticia, él es viudo, vive con su padre racista y trabaja como guardia de una prisión junto con su hijo y llevan una relación pésima; ella es un mujer de color que ha perdido a su hijo en un accidente y a su esposo, al ser condenado a la pena capital por asesinato. En sus mundos de sufrimiento ambos se encuentran circunstancialmente en el accidente del hijo de ella, y a partir de entonces empezarán a frecuentarse y apoyarse mutuamente para sanar sus penas y recomenzar sus vidas. | ||
| 546 | |a En inglés, con subtítulos opcionales: español, inglés | ||
| 649 | |a XX | ||
| 650 | |a Cineastas Alemanes | ||
| 650 | |a Mujeres en el Cine | ||
| 650 | |a Dramas Cinematográficos | ||
| 650 | |a Comedias Románticas | ||
| 650 | |a Cine Independiente - |z EUA | ||
| 650 | |a Cine Norteamericano - |y 2000-2009 | ||
| 650 | |a Cine Norteamericano - |y Siglo XXI | ||
| 650 | |a Relaciones Padres-Hijos | ||
| 650 | |a Comunicación Personal | ||
| 650 | |a Enamoramiento | ||
| 650 | |a Relaciones de Pareja | ||
| 650 | |a Prácticas Sexuales | ||
| 650 | |a Sexualidad | ||
| 700 | |a Thornton, Billy Bob |e (actuación) | ||
| 700 | |a Berry, Halle |e (actuación) | ||
| 700 | |a Simpson, Taylor |e (actuación) | ||
| 910 | |a Fondo General | ||
| 920 | |a Audiovisuales - DVDs | ||
| 940 | |a Películas | ||
| 905 | |a 302 | ||
| 901 | |a 0500184127 |b IT2 |c DVS |i C117027 |u 20250521 | ||
| 902 | |a https://opac.biblio.iteso.mx/vufind/Record/000300163 | ||